[Event "Arab-ch U20"]
[Site "Baghdad"]
[Date "2022.03.15"]
[Round "7"]
[White "Mena, Martin"]
[Black "Rebaz, Nasir Jamal"]
[Result "1-0"]
[WhiteElo "1882"]
[BlackElo "1952"]
[PlyCount "83"]
[EventDate "2022.03.10"]
[EventType "tourn"]
[EventRounds "9"]
[EventCountry "IRQ"]
[SourceTitle "EXT 2023"]
[Source "ChessBase"]
[SourceDate "2022.10.05"]
[SourceVersion "1"]
[SourceVersionDate "2022.10.05"]
[SourceQuality "1"]

1. d4 d5 2. c4 c6 3. Nf3 Nf6 4. Nc3 e6 5. cxd5 exd5 6. Bg5 Be7 7. Qc2 0-0 8. e3 Nbd7 9. Bd3 Re8 10. h3 Nf8 11. Bf4 Ng6 12. Bh2 Bd6 13. Bxd6 Qxd6 14. 0-0 Bd7 15. b4 Be6 16. Rab1 a5 17. b5 c5 18. dxc5 Qxc5 19. Na4 Qxc2 20. Bxc2 Rac8 21. Nd4 Ne5 22. Bb3 Ne4 23. Rbc1 Nd6 24. Nb6 Rxc1 25. Rxc1 Nec4 26. Bxc4 Nxc4 27. Nxc4 Rc8 28. e4 dxc4 29. a4 c3 30. f4 Rc4 31. f5 Bd7 32. Nf3 f6 33. Kf2 Rxe4 34. Rxc3 Rxa4 35. Ke3 Bxf5 36. Nd4 Bd7 37. Rc7 Be8 38. Ne6 g5 39. Rg7+ Kh8 40. Re7 Bxb5 41. Rxb7 Ra1 42. Rb8+ 1-0

[Event "Arab-ch U20"]
[Site "Baghdad"]
[Date "2022.03.14"]
[Round "6"]
[White "Rebaz, Nasir Jamal"]
[Black "Kareem, Hneidi"]
[Result "1-0"]
[WhiteElo "1952"]
[BlackElo "1967"]
[PlyCount "56"]
[EventDate "2022.03.10"]
[EventType "tourn"]
[EventRounds "9"]
[EventCountry "IRQ"]
[SourceTitle "EXT 2023"]
[Source "ChessBase"]
[SourceDate "2022.10.05"]
[SourceVersion "1"]
[SourceVersionDate "2022.10.05"]
[SourceQuality "1"]

1. e4 g6 2. d4 Bg7 3. Nc3 c5 4. d5 d6 5. Nf3 Nf6 6. h3 Qb6 7. Bd3 0-0 8. 0-0 Nbd7 9. Re1 a6 10. a4 Nh5 11. a5 Qc7 12. Be2 b5 13. axb6 Nxb6 14. Be3 Rb8 15. Nd2 Nf6 16. Bxa6 Bxa6 17. Rxa6 Qb7 18. Qe2 Nbd7 19. Ra2 Qb4 20. Rea1 Rfc8 21. Nc4 Nb6 22. Na5 Nxe4 23. Nc6 Nxc3 24. bxc3 Qxc3 25. Nxe7+ Kh8 26. Nxc8 Rxc8 27. Rd1 Nc4 28. Bf4 Bf6 1-0

[Event "World ol U16"]
[Site "Gyor"]
[Date "2014.12.19"]
[Round "8.1"]
[White "Lee, Jun Hyeok"]
[Black "Rebaz, Nasir Jamal"]
[Result "1-0"]
[WhiteElo "2021"]
[BlackElo "1719"]
[PlyCount "41"]
[EventDate "2014.12.13"]
[EventType "team-swiss"]
[EventRounds "10"]
[EventCountry "HUN"]
[SourceTitle "EXT 2016"]
[Source "ChessBase"]
[SourceDate "2015.10.08"]
[SourceVersion "1"]
[SourceVersionDate "2015.10.08"]
[SourceQuality "1"]
[WhiteTeam "South Korea"]
[BlackTeam "Iraq"]
[WhiteTeamCountry "KOR"]
[BlackTeamCountry "IRQ"]

1. c4 e6 2. d4 c5 3. Nf3 d5 4. cxd5 exd5 5. g3 c4 6. Bg2 Nf6 7. 0-0 Bd6 8. Nc3 h6 9. Ne5 Bb4 10. Qa4+ Nc6 11. Nxc6 bxc6 12. Qxb4 Bf5 13. Re1 Qb6 14. Qxb6 axb6 15. e4 dxe4 16. Nxe4 Kd7 17. Nxf6+ gxf6 18. d5 c5 19. Bf4 h5 20. d6 Rae8 21. Bb7 1-0

[Event "World ol U16"]
[Site "Gyor"]
[Date "2014.12.14"]
[Round "2.1"]
[White "Rebaz, Nasir Jamal"]
[Black "Mesaros, Florian"]
[Result "0-1"]
[WhiteElo "1719"]
[BlackElo "2370"]
[PlyCount "50"]
[EventDate "2014.12.13"]
[EventType "team-swiss"]
[EventRounds "10"]
[EventCountry "HUN"]
[SourceTitle "EXT 2016"]
[Source "ChessBase"]
[SourceDate "2015.10.08"]
[SourceVersion "1"]
[SourceVersionDate "2015.10.08"]
[SourceQuality "1"]
[WhiteTeam "Iraq"]
[BlackTeam "Austria"]
[WhiteTeamCountry "IRQ"]
[BlackTeamCountry "AUT"]

1. e4 c5 2. Nf3 e6 3. d4 cxd4 4. Nxd4 Nc6 5. Nxc6 bxc6 6. c4 Nf6 7. Bd3 e5 8. 0-0 Bc5 9. Bg5 d6 10. Nc3 h6 11. Bh4 Be6 12. Kh1 Rb8 13. Rb1 g5 14. Bg3 h5 15. f3 h4 16. Bf2 Bxf2 17. Rxf2 Nh5 18. Ne2 Qb6 19. Rf1 g4 20. Qe1 Qe3 21. Qxh4 Qxd3 22. Qf2 Qxe2 23. Qxa7 Rxb2 24. Qa8+ Ke7 25. Qa7+ Bd7 0-1